000 01200nam a22003857a 4500
001 0072233
003 KOHA_MİRAKIL
005 20260207005046.0
007 ta
008 241017b2023 tu |||gr||||#0|||0|tur |
020 _a9789750286865
040 _aTR-BiSEU
_btur
_cTR-BiSEU
_erda
041 0 _atur
044 _ctu
050 _aKKX3790
_b.K37 2023
100 1 _aKarakehya, Hakan.
245 1 _aCeza hukuku genel hükümler/
_cHakan Karakehya ; Hakan Karakehya.
250 _aGüncellenmiş ve gözden geçirilmiş 2. baskı
264 1 _aAnkara :
_bAdalet Yayınevi
_c2023
300 _a428 sayfa; 24 cm.
336 _ametin
_btxt
_2rdacontent
337 _aaracısız
_bn
_2rdamedia
338 _acilt
_bnc
_2rdacarrier
490 1 _aHukuk yayınları dizisi ;
_v3280
500 _aKaynakça ve dizin var.
650 0 _aCeza Hukuku.
_9143636
650 0 _aSuçun unsurları.
_9141571
650 0 _aHükümler--Türkiye.
_9111668
650 0 _aCeza muhakemesi hukuku--Türkiye.
_9115649
650 0 _aCriminal Law.
_9143637
650 0 _aCriminal procedure--Turkey.
_920284
830 1 _aHukuk yayınları dizisi ;
_v3280
_925245
907 _aHukuk
942 _2lcc
_cBK
999 _c72987
_d72987